BUBT Library Online Catalog

Income tax (Aykor) (Record no. 24)

000 -LEADER
fixed length control field 00464nam a22001697a 4500
003 - CONTROL NUMBER IDENTIFIER
control field BUBTL
008 - FIXED-LENGTH DATA ELEMENTS--GENERAL INFORMATION
fixed length control field 140129b xxu||||| |||| 00| 0 eng d
082 ## - DEWEY DECIMAL CLASSIFICATION NUMBER
Classification number 336.24/OWI
100 ## - MAIN ENTRY--PERSONAL NAME
9 (RLIN) 42
Personal name Owaliullah, Md.
245 ## - TITLE STATEMENT
Title Income tax (Aykor)
Remainder of title আয়কর
Statement of responsibility, etc. by Md. Owaliullah
260 ## - PUBLICATION, DISTRIBUTION, ETC. (IMPRINT)
Place of publication, distribution, etc. Dhaka,
Name of publisher, distributor, etc. Abith,
Date of publication, distribution, etc. c2000.
300 ## - PHYSICAL DESCRIPTION
Extent 480p. :
Other physical details ill . ; 23cm.
650 ## - SUBJECT ADDED ENTRY--TOPICAL TERM
Topical term or geographic name as entry element Accounting
9 (RLIN) 3561
856 ## - ELECTRONIC LOCATION AND ACCESS
Password 0
Logon 0
Link text Download
942 ## - ADDED ENTRY ELEMENTS (KOHA)
Source of classification or shelving scheme
Koha item type Books
Holdings
Withdrawn status Lost status Source of classification or shelving scheme Damaged status Not for loan Collection code Permanent location Current location Date acquired Inventory number Total Checkouts Date last seen Price effective from Shelving location Full call number Barcode Date last checked out Copy number Koha item type
          Non-fiction Bangladesh University of Business and Technology Library Bangladesh University of Business and Technology Library 01/29/2014 24   01/29/2014 01/29/2014            
          Non-fiction Bangladesh University of Business and Technology Library Bangladesh University of Business and Technology Library 09/29/2020 1297 1 08/24/2023 09/29/2020 Accounting Stacks 336.24/OWI BUBTL-20031297 08/23/2023 C-2 Books
          Non-fiction Bangladesh University of Business and Technology Library Bangladesh University of Business and Technology Library 09/29/2020 1298   09/29/2020 09/29/2020 Accounting Stacks 336.24/OWI BUBTL-20031298   C-3 Books
          Non-fiction Bangladesh University of Business and Technology Library Bangladesh University of Business and Technology Library 09/29/2020 1299   09/29/2020 09/29/2020 Accounting Stacks 336.24/OWI BUBTL-20031299   C-4 Books
          Non-fiction Bangladesh University of Business and Technology Library Bangladesh University of Business and Technology Library 09/29/2020 1300   09/29/2020 09/29/2020 Accounting Stacks 336.24/OWI BUBTL-20031300   C-5 Books

More Information About Library

Library Hours

  • Open: 9.00 am. to 9.00 pm.
  • Only Sunday: 9.00 am. to 6.00 pm.
  • Closed: Holiday

Contact to the University

Bangladesh University of Business and Technology Library

  • Mirpurl-2, 1216.
  • Phone:
  • Fax:
  • E-Mail: admin.library@bubt.edu.bd

Contact to the Library

Contact Person:

Md. Abdul Hakim Shah
Joint Librarian
PABX No:  113
Cell No: 01816332931
E-mail: official: admin.library@bubt.edu.bd
Personal: hakim.shah@bubt.edu.bd


BUBT Library

Copyright © 2021